00388nam a2200157Ia 450000500170000000800410001704000190005804100120007708200160008910000190010524500520012426000230017630000110019965000100021085000100022020240827095455.0131103s9999 xx 000 0 und d aLoreto College aEnglish a891.43bHIL aBanerjee, R.D. aComplete course of hindi syllabuscR.D.Banerjee aDelhibGoyalc1971 a454p.  aHindi aLCBED